| 000 | 00486nam a2200193 a 4500 | ||
|---|---|---|---|
| 001 | 1770460530041 | ||
| 003 | YourLibrary | ||
| 005 | 20260207160834.0 | ||
| 008 | 260207s2007##################000#0#eng## | ||
| 020 | _a9781558764637 | ||
| 082 | 0 | 4 |
_a306.3620 _bBAR |
| 100 | 1 |
_aBaralt, Guillermo A., _eauthor. |
|
| 245 | 1 | 0 | _aSlave Revolts in Puerto Rico : |
| 260 | _c2007. | ||
| 300 | _a196 pages | ||
| 650 | 0 | _aHistory. | |
| 942 | _cENGLISH | ||
| 040 |
_aYourLibrary _beng _cYourLibrary |
||
| 999 |
_c611203 _d611203 |
||